000 00316nam a2200109 4500
999 _c9838
_d9838
008 180718b ||||| |||| 00| 0 eng d
245 _aUse martial law to cut off support for terrorists in Sulu.
260 _aPhilippines
_bMindanao Times
_cc2017
300 _apage 25.
650 0 _929107
_aTerrorism.
942 _2ddc
_cPER